<?xml version="1.0" encoding="UTF-8"?>
<record
    xmlns:xsi="http://www.w3.org/2001/XMLSchema-instance"
    xsi:schemaLocation="http://www.loc.gov/MARC21/slim http://www.loc.gov/standards/marcxml/schema/MARC21slim.xsd"
    xmlns="http://www.loc.gov/MARC21/slim">

  <leader>00591nam a22002177a 4500</leader>
  <controlfield tag="005">20151114101532.0</controlfield>
  <controlfield tag="008">151112b        xxu||||| |||| 00| 0 eng d</controlfield>
  <datafield tag="020" ind1=" " ind2=" ">
    <subfield code="a">9789380673639</subfield>
    <subfield code="c">300</subfield>
  </datafield>
  <datafield tag="040" ind1=" " ind2=" ">
    <subfield code="a">Loreto College</subfield>
  </datafield>
  <datafield tag="041" ind1=" " ind2=" ">
    <subfield code="a">English</subfield>
  </datafield>
  <datafield tag="082" ind1=" " ind2=" ">
    <subfield code="a">510</subfield>
    <subfield code="b">CHA</subfield>
  </datafield>
  <datafield tag="100" ind1=" " ind2=" ">
    <subfield code="a">Chatterjee, Dinabandhu</subfield>
  </datafield>
  <datafield tag="245" ind1=" " ind2=" ">
    <subfield code="a">Comprehensive degree mathematics volume-3</subfield>
    <subfield code="c">Dinabandhu Chatterjee</subfield>
  </datafield>
  <datafield tag="250" ind1=" " ind2=" ">
    <subfield code="a">2nd</subfield>
  </datafield>
  <datafield tag="260" ind1=" " ind2=" ">
    <subfield code="a">Kolkata</subfield>
    <subfield code="b">U.N. Dhur &amp; Sons</subfield>
    <subfield code="c">2013</subfield>
  </datafield>
  <datafield tag="300" ind1=" " ind2=" ">
    <subfield code="a">xiv,various pagings</subfield>
    <subfield code="b">22cm</subfield>
  </datafield>
  <datafield tag="650" ind1=" " ind2=" ">
    <subfield code="a">Mathematics</subfield>
  </datafield>
  <datafield tag="700" ind1=" " ind2=" ">
    <subfield code="4">Auth</subfield>
    <subfield code="a">Pal, Bidyut Kumar</subfield>
  </datafield>
  <datafield tag="850" ind1=" " ind2=" ">
    <subfield code="a">LCLIB</subfield>
  </datafield>
  <datafield tag="942" ind1=" " ind2=" ">
    <subfield code="c">BK</subfield>
  </datafield>
  <datafield tag="999" ind1=" " ind2=" ">
    <subfield code="c">40168</subfield>
    <subfield code="d">90647</subfield>
  </datafield>
  <datafield tag="952" ind1=" " ind2=" ">
    <subfield code="0">0</subfield>
    <subfield code="1">0</subfield>
    <subfield code="2">ddc</subfield>
    <subfield code="4">0</subfield>
    <subfield code="7">0</subfield>
    <subfield code="a">MAIN</subfield>
    <subfield code="b">MAIN</subfield>
    <subfield code="d">2015-11-12</subfield>
    <subfield code="g">300.00</subfield>
    <subfield code="l">9</subfield>
    <subfield code="o">510 CHA 51368</subfield>
    <subfield code="p">43754</subfield>
    <subfield code="r">2022-02-07</subfield>
    <subfield code="s">2021-12-14</subfield>
    <subfield code="w">2015-11-12</subfield>
    <subfield code="y">BK</subfield>
  </datafield>
  <datafield tag="952" ind1=" " ind2=" ">
    <subfield code="0">0</subfield>
    <subfield code="1">0</subfield>
    <subfield code="2">ddc</subfield>
    <subfield code="4">0</subfield>
    <subfield code="7">0</subfield>
    <subfield code="a">MAIN</subfield>
    <subfield code="b">MAIN</subfield>
    <subfield code="d">2015-11-12</subfield>
    <subfield code="g">300.00</subfield>
    <subfield code="l">9</subfield>
    <subfield code="o">510 CHA 51367</subfield>
    <subfield code="p">43755</subfield>
    <subfield code="r">2018-12-13</subfield>
    <subfield code="s">2018-12-13</subfield>
    <subfield code="w">2015-11-12</subfield>
    <subfield code="y">BK</subfield>
  </datafield>
  <datafield tag="952" ind1=" " ind2=" ">
    <subfield code="0">0</subfield>
    <subfield code="1">0</subfield>
    <subfield code="2">ddc</subfield>
    <subfield code="4">0</subfield>
    <subfield code="7">0</subfield>
    <subfield code="a">MAIN</subfield>
    <subfield code="b">MAIN</subfield>
    <subfield code="d">2015-11-12</subfield>
    <subfield code="g">300.00</subfield>
    <subfield code="l">12</subfield>
    <subfield code="o">510 CHA 51369</subfield>
    <subfield code="p">43756</subfield>
    <subfield code="r">2022-02-11</subfield>
    <subfield code="s">2021-12-18</subfield>
    <subfield code="w">2015-11-12</subfield>
    <subfield code="y">BK</subfield>
  </datafield>
</record>
